000 00394nam a2200133Ia 4500
008 151001s9999||||xx |||||||||||||| ||und||
100 _aअशोक पाटील
245 _aआमचे राज्य आमची सत्ता
250 _a2
260 _b"निखील प्रकाशन, कोल्हापूर"
260 _c2011
300 _a200
365 _b21
999 _c999811
_d999808